Library of the University of Algiers 3
Ibrahim Sultan Cheibout
شعار جامعة الجزائر 3
مكتبة جامعة الجزائر 3
إبراهيم سلطان شيبوط

الاقتصاد السياسي لحماية حقوق الملكية الفكرية في ظل اتفاق التربس / (رقم التسجيلة. 43773)

تفاصيل مارك
000 -LEADER
fixed length control field 01271nam a2200241Ia 4500
003 - CONTROL NUMBER IDENTIFIER
control field Ost
005 - DATE AND TIME OF LATEST TRANSACTION
control field 20260507075258.0
008 - FIXED-LENGTH DATA ELEMENTS--GENERAL INFORMATION
fixed length control field 260507s9999||||xx |||||||||||||| ||und||
020 ## - INTERNATIONAL STANDARD BOOK NUMBER
International Standard Book Number 5196328977
040 ## - CATALOGING SOURCE
Transcribing agency fsecg
041 ## - LANGUAGE CODE
Language code of text/sound track or separate title ara
082 ## - DEWEY DECIMAL CLASSIFICATION NUMBER
Classification number 330
100 ## - MAIN ENTRY--PERSONAL NAME
Personal name عبد الخالق، السيد أحمد
Relator term مؤلف
245 #0 - TITLE STATEMENT
Title الاقتصاد السياسي لحماية حقوق الملكية الفكرية في ظل اتفاق التربس /
Statement of responsibility, etc. السيد أحمد عبد الخالق
260 ## - PUBLICATION, DISTRIBUTION, ETC.
Place of publication, distribution, etc. الاسكندرية:
Name of publisher, distributor, etc. دار الجامعة الجديدة,
Date of publication, distribution, etc. 2006
300 ## - PHYSICAL DESCRIPTION
Extent 294 صفحة؛
Dimensions 25 سم
520 ## - SUMMARY, ETC.
Summary, etc. نبذة عن تطور حماية حقوق الملكية الفكرية و خصائص حماية هذه الملكية في اطار التربس و دوافع عولمة حمايتها ، حماية حقوق الملكية الفكرية و المنافسة العالمية و البحث العلمي و الابتكار و الاستثمار الاجنبي المباشر و نقل التكنولوجيا و التنمية الزراعية .
653 ## - INDEX TERM--UNCONTROLLED
Uncontrolled term الإبتكار
653 ## - INDEX TERM--UNCONTROLLED
Uncontrolled term الاقتصاد
653 ## - INDEX TERM--UNCONTROLLED
Uncontrolled term الاقتصاد السياسي
653 ## - INDEX TERM--UNCONTROLLED
Uncontrolled term حقوق الملكية الفكرية
942 ## - ADDED ENTRY ELEMENTS (KOHA)
Koha item type كتب
المقتنيات
Withdrawn status Lost status Source of classification or shelving scheme Damaged status Not for loan Home library Current library Date acquired Serial enumeration / chronology Inventory number Total checkouts Full call number Barcode Date last seen Price effective from Koha item type
    Dewey Decimal Classification   NOT LOAN / إعارة داخلية مكتبة كلية العلوم الإقتصادية والعلوم التجارية وعلوم التسيير مكتبة كلية العلوم الإقتصادية والعلوم التجارية وعلوم التسيير 07/05/2026 الطابق الأرضي 2011/1230   أ/3795ن1 2011/1230 07/05/2026 07/05/2026 كتب
    Dewey Decimal Classification   Available مكتبة كلية العلوم الإقتصادية والعلوم التجارية وعلوم التسيير مكتبة كلية العلوم الإقتصادية والعلوم التجارية وعلوم التسيير 07/05/2026 الطابق الأرضي 2011/1231   أ/3795ن2 2011/1231 07/05/2026 07/05/2026 كتب
    Dewey Decimal Classification   Available مكتبة كلية العلوم الإقتصادية والعلوم التجارية وعلوم التسيير مكتبة كلية العلوم الإقتصادية والعلوم التجارية وعلوم التسيير 07/05/2026 الطابق الثاني 2011/1232   أ/3795ن3 2011/1232 07/05/2026 07/05/2026 كتب

موارد الويب المفتوحة


© University of Algiers 3 All Rights Reserved
|
Implemented by LECHELAH Riad